000
00274nam a22000977a 4500
082
_a
823
_b
ROW/H
100
_a
ROWLING,J.K
245
_a
HARRY POTTER& THE PRISONER OF AZKAHAM
246
_a
HARRY POTTER& THE PRISONER OF AZKAHAM
_b
HARRY POTTER& THE PRISONER OF AZKAHAM
942
_c
BK
999
_c
8059
_d
8059